| 000 | 00980nac a22002291u 4500 | ||
|---|---|---|---|
| 008 | 090318s1976 xxu||||| |||| 00| 0 ara d | ||
| 020 | _a9777065523 | ||
| 082 |
_a510 _bآ ي ر |
||
| 245 |
_aملخصات سشوم نظريات ومسائل في المصفوفات / _cتأليف فرانك آيرز ؛ ترجمة نخبة من الأساتذة المتخصصين ؛ مراجعة فاروق البتانونى |
||
| 246 | _aملخصات سشوم | ||
| 260 |
_aالقاهرة : _bمؤسسة الأهرام،1976 _c1976. |
||
| 300 |
_a258 ص : _bايض ؛ _c30 سم. |
||
| 490 | 0 |
_921216 _aسلسلة ملخصات سشوم |
|
| 500 | _aيشتمل على كشاف | ||
| 650 |
_aالجبر _921217 |
||
| 650 |
_aالرياضيات _98640 |
||
| 700 | 1 |
_921218 _aالبتانونى ، فاروق _eمراجعة |
|
| 942 |
_cBB _k510 آ ي ر _2ddc _hRDA-MOD |
||
| 999 |
_c7127 _d7127 |
||
| 336 |
_2rdacontent _aنص _btxt |
||
| 337 |
_aبدون وسيط _2rdamedia _bn |
||
| 338 |
_aمجلد _bnc _2rdacarrier |
||